[Event "4th Isthmia Open 2014"]
[Site "Vrachati GRE"]
[Date "2014.08.25"]
[Round "9.12"]
[White "Bellos, Ioannis"]
[Black "Stathopoulos, Ioannis"]
[Result "0-1"]
[BlackTitle "FM"]
[WhiteElo "2075"]
[BlackElo "2271"]
[WhiteFideId "4226445"]
[BlackFideId "4223098"]
[EventDate "2014.08.18"]

1. e4 c5 2. Nf3 d6 3. d4 cxd4 4. Nxd4 Nf6 5. Nc3 a6 6. Bc4 g6 7. Be3 Bg7 8. f3
Bd7 9. Qd2 Nc6 10. O-O-O O-O 11. h4 b5 12. Nxc6 Bxc6 13. Bb3 a5 14. Bd4 e6 15.
a4 b4 16. Ne2 Qe8 17. e5 dxe5 18. Bc5 Bxa4 19. Bxf8 Bxf8 20. Bxa4 Qxa4 21. Kb1
Bg7 22. h5 e4 23. h6 Bh8 24. fxe4 Nxe4 25. Qd8+ Qe8 26. Qxe8+ Rxe8 27. Rd7 Bf6
28. Ra7 Bd8 29. Rd1 Bb6 30. Ra6 Be3 31. Rh1 f5 32. Rxa5 Nf2 33. Rf1 Ng4 34. Rb5
Bxh6 35. Rxb4 Ne3 36. Rh1 Bg5 37. Rh3 e5 38. Rb7 h6 39. Nc3 Nxg2 40. Rd3 Nf4 41.
Rdd7 Bf6 42. Nb5 Rf8 43. Nd6 Nh5 44. Rb6 e4 45. Nc4 f4 46. Nd2 e3 47. Ne4 e2 48.
Nxf6+ Nxf6 49. Re7 f3 50. Rbb7 f2 51. Rg7+ Kh8 52. Rxg6 f1=Q+ 53. Ka2 Ra8+ 0-1